LEADER 00951nam a2200229 u 4500 001 000000042816 003 CaOOAMICUS 005 20070226114352.0 008 990309s1806 fr u000 u lat u 035 $a10816817 040 $aPUL$bita 100 1 $aGodefroy, Jacques,$d1587-1652.$0(OLS)http://pul/name/6122 245 10$aIac. Gothofredi Manuale iuris :$bubi quatuor sequentia continentur: Iuris romani .. 250 $aEditio nova, ... 260 $aParisiis :$bapud C. Lud. Metier,$c1806. 300 $axi, 190, 74 p. ;$c20 cm 850 $aPUL 852 $aPUL$W1$xDP1 Antico 800$y27$m197 E 18$j57778$nBK-PRI$b $qStampati Antico$B57778$CPULBib$Z2$F57778 $H $81 941 1 $a15 961 $aINV: 3156 996 $6245$aIac. Gothofredi Manuale iuris :$bubi quatuor sequentia continentur: Iuris romani ..$9(OLS)http://pul/title/57756 996 $6260$aParisiis :$bapud C. Lud. Metier$9(OLS)http://pul/publisher/65027 LEADER 01171nam a2200289 u 4500 001 000000077352 003 CaOOAMICUS 005 20070226123318.0 008 040129r19401987it af u000 u ita u 020 $a8820501465 035 $a10982651 040 $aPUL(R)$bita 100 1 $aGuelfi Camaiani, Piero,$cconte,$d1896-$0(OLS)http://pul/name/50552 245 10$aDizionario araldico /$cPiero Guelfi Camajani. 250 $a3. ed. notevolmente ampliata. 260 $aMilano :$bEditore-libraio della Real Casa,$c1987. 300 $a585 p., [2] p. di tav. :$bill. ;$c16 cm 490 1 $aManuali Hoepli 500 $aRistampa anastatica della 3a. ed. 1940. 650 4$aAraldica.$0(OLS)http://pul/subject/26512 830 0$aManuali Hoepli.$0(OLS)http://pul/title/5902 850 $aPUL 852 $aPUL$W1$xDP2 Filosofia 1$y62$m138 D 28$j99385$nBK-PRI$b $qStampati$B99385$CPULBib$Z2$F99385 $HPUL59742 $81 941 1 $a8 996 $6020$a8820501465$9(OLS)http://pul/number/101378 996 $6245$aDizionario araldico$9(OLS)http://pul/title/99665 996 $6260$aMilano :$bEditore-libraio della Real Casa$9(OLS)http://pul/publisher/74637